| 000 | 01054nac a22002651u 4500 | ||
|---|---|---|---|
| 090 | _c2765 | ||
| 008 | 080806t xxu||||| |||| 00| 0 eng d | ||
| 010 | _a 2005032377 | ||
| 020 | _a0415354676 (hardback : alk. paper) | ||
| 020 | _a0415354684 (pbk. : alk. paper) | ||
| 035 | _a(DLC)2005032377 | ||
| 035 | _a(DLC)2418 | ||
| 082 | 0 | 0 |
_a297.092 _bJ1321 |
| 100 | _aJackson, Roy, | ||
| 245 | 1 | 0 |
_aFifty key figures in Islam / _cRoy Jackson. |
| 250 | _a1st ed. | ||
| 260 |
_aNew York : _bRoutledge,2006. _c2006. |
||
| 300 |
_a xvi, 261 p. ; _c 23 cm. |
||
| 504 | _aIncludes bibliographical references and index. | ||
| 650 | 0 |
_aMuslims _vBiography. |
|
| 856 | 4 | 1 |
_3Table of contents only _uhttp://www.loc.gov/catdir/toc/ecip063/2005032377.html |
| 856 | 4 | 1 |
_3Publisher description _uhttp://www.loc.gov/catdir/enhancements/fy0654/2005032377-d.html |
| 942 |
_cBB _k297.092J1321 _2ddc |
||
| 999 |
_c2765 _d2765 |
||